| 000 | 00678nam a22002417a 4500 | ||
|---|---|---|---|
| 003 | OSt | ||
| 005 | 20240530110423.0 | ||
| 008 | 150315s2010 us oae g 001 0 eng d | ||
| 020 | _a978495391210 | ||
| 020 | _a0495391212 | ||
| 040 |
_aEG-CaGPL _cEG-CaGPL |
||
| 082 | 0 | 4 |
_221 _a540\ _bB I |
| 100 | 1 | _aEdition , Ninth | |
| 245 | 1 | 0 |
_aINTRODUCTION to General Organic and Biochemistry / _cNinth Edition |
| 260 |
_aCole : _bCengage learning , _c2010 . |
||
| 300 |
_aXXLV, 839p. : _bill. ; _c28 cm. |
||
| 650 | 0 | _aChemistry | |
| 650 | 0 | _aORGANIC CHEMISTRY | |
| 650 | 0 | _aBIOLOGICAL CHEMISTRE | |
| 650 | 0 | _aGeneral CHEMISTRE | |
| 942 |
_2ddc _cBK |
||
| 999 |
_c60694 _d60694 |
||